[Event "Østlandsserien 2008/2009, 2. div. B"]
[Site "Ås, Akershus NOR"]
[Date "2009.02.15"]
[Round "5"]
[White "Andersen, Guttorm"]
[Black "Høva, Frode"]
[Result "1-0"]
[WhiteElo "1558"]
[BlackElo "1511"]
[PlyCount "89"]
[EventDate "2008.11.09"]
[WhiteTeam "Stjernen 2"]
[BlackTeam "Follo 1"]

1. d4 Nf6 2. c4 g6 3. Nc3 d5 4. Nf3 Bg7 5. Qb3 dxc4 6. Qxc4 O-O 7. e4 Na6 8.
Be3 c6 9. Rd1 Be6 10. d5 cxd5 11. exd5 Bf5 12. Bd3 Bg4 13. Be2 Nc7 14. h3 Bf5
15. O-O Nfe8 16. Nd4 Nd6 17. Qb3 Bd7 18. Bf4 Nce8 19. g4 Bxd4 20. Rxd4 e5 21.
dxe6 Bxe6 22. Qd1 Qh4 23. Bxd6 Nxd6 24. Rxd6 Qxh3 25. Qd3 Qh4 26. Qd4 Rae8 27.
Nd1 h5 28. Ne3 hxg4 29. Bxg4 Qg5 30. f4 Qh4 31. Bxe6 Qg3+ 32. Ng2 fxe6 33. Rd7
Rf7 34. Rxf7 Kxf7 35. Qxa7 Rh8 36. Qxb7+ Kf6 37. Qf3 Qh2+ 38. Kf2 Rh3 39. Qg4
Kg7 40. Rd1 Rh5 41. Rd7+ Kh6 42. Rd6 Rc5 43. Rxe6 Rc2+ 44. Re2 Rxe2+ 45. Kxe2
1-0

[Event "Østlandsserien 2008/2009, 2. div. B"]
[Site "Ås, Akershus NOR"]
[Date "2009.02.15"]
[Round "5"]
[White "Furnes, Torstein"]
[Black "Kristiansen, Oddvar"]
[Result "1/2-1/2"]
[WhiteElo "1479"]
[BlackElo "1259"]
[PlyCount "96"]
[EventDate "2008.11.09"]
[WhiteTeam "Follo 1"]
[BlackTeam "Stjernen 2"]

1. d4 Nf6 2. c4 e6 3. Nc3 d5 4. Bg5 c6 5. e3 Be7 6. Nf3 O-O 7. Bd3 b6 8. O-O
Bb7 9. cxd5 exd5 10. Rc1 Nbd7 11. Bb1 c5 12. Qd3 Ne4 13. Bxe7 Qxe7 14. dxc5
Ndxc5 15. Qc2 g6 16. Rfd1 Rad8 17. Nd4 Rfe8 18. Qe2 Rc8 19. a3 Nxc3 20. Rxc3
Ne6 21. Rxc8 Rxc8 22. Ba2 Nxd4 23. Rxd4 Rc1+ 24. Rd1 Qc5 25. h3 Qc2 26. Qxc2
Rxc2 27. Bxd5 Bxd5 28. Rxd5 Rxb2 29. Rd3 Rb1+ 30. Kh2 b5 31. Kg3 a5 32. Kf3 Rb2
33. e4 a4 34. Ke3 Kf8 35. g4 g5 36. e5 Ke7 37. f4 gxf4+ 38. Kxf4 Rb3 39. Rd5
Rxa3 40. Rxb5 Rb3 41. Ra5 a3 42. h4 h6 43. Kf5 Rf3+ 44. Ke4 Rg3 45. Kf5 Rf3+
46. Ke4 Rg3 47. Kf5 Rf3+ 48. Ke4 Rg3 1/2-1/2

[Event "Østlandsserien 2008/2009, 2. div. B"]
[Site "Oslo NOR"]
[Date "2009.03.14"]
[Round "6"]
[White "Lange, David"]
[Black "Baastø, Espen Peder"]
[Result "1-0"]
[WhiteElo "1647"]
[BlackElo "1693"]
[PlyCount "95"]
[EventDate "2008.11.09"]
[WhiteTeam "Follo 1"]
[BlackTeam "Nordstrand 4"]

1. d4 Nf6 2. c4 g6 3. Nc3 d5 4. cxd5 Nxd5 5. e4 Nxc3 6. bxc3 Bg7 7. Nf3 O-O 8.
Be2 c5 9. Bb2 Nc6 10. O-O cxd4 11. Nxd4 Qb6 12. Nxc6 Qxc6 13. Qc2 b6 14. Bf3
Qc7 15. Rac1 Bb7 16. Qe2 Rac8 17. Ba3 Bxc3 18. Bg4 f5 19. exf5 Qc6 20. Bf3 Qd7
21. Bxb7 Qxb7 22. Qe6+ Rf7 23. fxg6 hxg6 24. Bb2 Rc6 25. Qd5 Qc7 26. Rfd1 Rd6
27. Qb3 Rxd1+ 28. Qxd1 Qf4 29. Bxc3 Qxf2+ 30. Kh1 Qxa2 31. Qd4 Rf6 32. Qd8+ Rf8
33. Qxe7 Qf7 34. Qxf7+ Rxf7 35. Bd4 Rd7 36. Bf2 Kf7 37. h4 Ke6 38. Rc6+ Kf5 39.
Kh2 g5 40. h5 Rh7 41. h6 Kg4 42. Bd4 Kf4 43. Bg7 Ke4 44. Rc7 b5 45. Rxa7 Kd3
46. Rc7 b4 47. Kg3 Kd2 48. Rb7 1-0

[Event "Østlandsserien 2008/2009, 2. div. B"]
[Site "Oslo NOR"]
[Date "2009.03.14"]
[Round "6"]
[White "Mathisen, Runar"]
[Black "Lange, Holger"]
[Result "1-0"]
[WhiteElo "1685"]
[BlackElo "1628"]
[PlyCount "47"]
[EventDate "2008.11.09"]
[WhiteTeam "Nordstrand 4"]
[BlackTeam "Follo 1"]

1. Nc3 e5 2. Nf3 Nc6 3. d4 exd4 4. Nxd4 d5 5. Bf4 Nxd4 6. Qxd4 c6 7. e4 Be6 8.
exd5 Bxd5 9. Nxd5 Qxd5 10. Qxd5 cxd5 11. Bb5+ Kd8 12. O-O-O Ne7 13. Rhe1 Kc8
14. Rxd5 a6 15. Bd7+ Kd8 16. Ba4+ Kc8 17. Rc5+ Nc6 18. Re8+ Kd7 19. Rxa8 Bxc5
20. Bxc6+ Kxc6 21. Rxh8 Bxf2 22. Rxh7 Bd4 23. c3 Bf6 24. g4 1-0

[Event "Østlandsserien 2008/2009, 2. div. B"]
[Site "Oslo NOR"]
[Date "2009.03.14"]
[Round "6"]
[White "Lea, Per"]
[Black "Moripen, Markus"]
[Result "1/2-1/2"]
[WhiteElo "1562"]
[BlackElo "1590"]
[PlyCount "80"]
[EventDate "2008.11.09"]
[WhiteTeam "Follo 1"]
[BlackTeam "Nordstrand 4"]

1. e4 c5 2. Nf3 d6 3. d4 cxd4 4. Nxd4 Nf6 5. Nc3 e5 6. Nb3 Be6 7. Bg5 Be7 8.
Qd2 O-O 9. Be2 Qd7 10. O-O h6 11. Be3 d5 12. exd5 Bxd5 13. Nxd5 Nxd5 14. Rad1
Nf6 15. Bd3 Rd8 16. Qa5 Qe6 17. Bc4 Qc8 18. Qxe5 Nc6 19. Rxd8+ Qxd8 20. Qc3 Rc8
21. Qd3 Qc7 22. Qe2 Bd6 23. h3 Re8 24. Rd1 Bf4 25. Bd3 Bxe3 26. fxe3 Qb6 27.
Kf2 Nb4 28. c4 Nxd3+ 29. Rxd3 Ne4+ 30. Kg1 Re6 31. Nd4 Rf6 32. Nf3 Qc7 33. b3
Qg3 34. Rd8+ Kh7 35. Rd4 Re6 36. Qc2 f5 37. Rd5 Rf6 38. Rd7 Rg6 39. Kf1 Nf6 40.
Rxb7 Qd6 1/2-1/2

[Event "Østlandsserien 2008/2009, 2. div. B"]
[Site "Oslo NOR"]
[Date "2009.03.14"]
[Round "6"]
[White "Milvang, Otto"]
[Black "Furnes, Torstein"]
[Result "0-1"]
[WhiteElo "1558"]
[BlackElo "1479"]
[PlyCount "62"]
[EventDate "2008.11.09"]
[WhiteTeam "Nordstrand 4"]
[BlackTeam "Follo 1"]

1. e4 c5 2. d4 cxd4 3. c3 dxc3 4. Nxc3 Nc6 5. Nf3 d6 6. Bc4 e6 7. O-O Nf6 8.
Qe2 Be7 9. Rd1 Qa5 10. Nb5 O-O 11. Nxd6 Rd8 12. Bd2 Qb6 13. Nxc8 Raxc8 14. Bc3
Rxd1+ 15. Rxd1 Rd8 16. Bd3 Ng4 17. Be1 Bc5 18. h3 Nge5 19. Nxe5 Nxe5 20. Kh1
Nxd3 21. Rxd3 Rxd3 22. Qxd3 Qxb2 23. Bc3 Qc1+ 24. Kh2 Qf4+ 25. Kh1 h6 26. f3
Qc1+ 27. Kh2 Qg1+ 28. Kg3 Bf2+ 29. Kf4 Qh2+ 30. Kg4 Qg3+ 31. Kh5 Qg6# 0-1

[Event "Østlandsserien 2008/2009, 2. div. B"]
[Site "Ås, Akershus NOR"]
[Date "2009.03.15"]
[Round "7"]
[White "Brobakken, Geir"]
[Black "Lange, David"]
[Result "1-0"]
[WhiteElo "1679"]
[BlackElo "1647"]
[PlyCount "105"]
[EventDate "2008.11.09"]
[WhiteTeam "Hamar"]
[BlackTeam "Follo 1"]

1. e4 e5 2. Nc3 Nc6 3. Bc4 Bc5 4. Qg4 g6 5. Qg3 d6 6. d3 Nd4 7. Bb3 Be6 8. Nce2
Bxb3 9. Nxd4 Bxa2 10. Rxa2 Bxd4 11. Ne2 Bb6 12. f4 Qe7 13. Nc3 c6 14. Rf1 Bd4
15. f5 Bxc3+ 16. bxc3 a6 17. c4 Nf6 18. c3 Nd7 19. Qh3 gxf5 20. Rxf5 f6 21.
Raf2 Rg8 22. Rh5 Rg7 23. Rh6 Rf7 24. Rf5 O-O-O 25. Rfh5 Rh8 26. g4 Rg7 27. g5
fxg5 28. Re6 Qd8 29. Rxd6 g4 30. Qg3 Qe7 31. Rdh6 Rf8 32. Rf5 Rxf5 33. exf5 Nf6
34. Qh4 Ng8 35. f6 Nxf6 36. Qxf6 Qxf6 37. Rxf6 g3 38. hxg3 Rxg3 39. Ke2 Rh3 40.
Re6 Rh5 41. Kf3 Kd7 42. Rh6 Rxh6 43. Bxh6 a5 44. Ke3 a4 45. Bf8 Ke6 46. Ke4 b5
47. cxb5 cxb5 48. Bb4 h5 49. d4 h4 50. d5+ Kd7 51. Kf3 Ke8 52. Kg4 Kf7 53. Kxh4
1-0

[Event "Østlandsserien 2008/2009, 2. div. B"]
[Site "Ås, Akershus NOR"]
[Date "2009.03.15"]
[Round "7"]
[White "Lange, Holger"]
[Black "Kristiansen, Reidar"]
[Result "1-0"]
[WhiteElo "1628"]
[BlackElo "1189"]
[PlyCount "79"]
[EventDate "2008.11.09"]
[WhiteTeam "Follo 1"]
[BlackTeam "Hamar"]

1. e4 c5 2. Nf3 Nc6 3. d4 cxd4 4. Nxd4 e6 5. Be2 Nf6 6. Bf3 a6 7. O-O Qc7 8.
Re1 Be7 9. c3 O-O 10. Bg5 h6 11. Be3 Ne5 12. Nd2 Nd3 13. Rf1 Nxb2 14. Qb3 Nd3
15. g3 Ne5 16. Bg2 Neg4 17. Nc2 Nxe3 18. Nxe3 Rb8 19. Rfe1 b5 20. Rac1 Bb7 21.
c4 Qe5 22. cxb5 axb5 23. Qd3 Ra8 24. f4 Qb2 25. Rc2 Qb4 26. Rb1 Qd6 27. Qxd6
Bxd6 28. e5 Bxg2 29. Kxg2 Ra3 30. Rb3 Rfa8 31. exd6 Rxa2 32. Rcb2 R8a5 33. Rxb5
Rxb5 34. Rxa2 g5 35. Kf3 g4+ 36. Nxg4 Nxg4 37. Kxg4 Rd5 38. Nc4 Kg7 39. Rd2 Rc5
40. Ne5 1-0

[Event "Østlandsserien 2008/2009, 2. div. B"]
[Site "Ås, Akershus NOR"]
[Date "2009.03.15"]
[Round "7"]
[White "Brobakken, Sindre"]
[Black "Lea, Per"]
[Result "1/2-1/2"]
[WhiteElo "825"]
[BlackElo "1562"]
[PlyCount "58"]
[EventDate "2008.11.09"]
[WhiteTeam "Hamar"]
[BlackTeam "Follo 1"]

1. Nf3 Nf6 2. g3 g6 3. Bg2 Bg7 4. O-O d5 5. d3 O-O 6. Nbd2 Re8 7. e4 e5 8. c3
c5 9. Re1 Nc6 10. Qc2 d4 11. Nf1 Bd7 12. Bg5 h6 13. Bxf6 Qxf6 14. N1d2 Rac8 15.
Rac1 b5 16. a3 Na5 17. Nb3 Qb6 18. Nbd2 b4 19. c4 Nb7 20. Rb1 a5 21. a4 Nd6 22.
b3 f5 23. Nh4 g5 24. Nxf5 Nxf5 25. exf5 Bxf5 26. Be4 Qf6 27. Bd5+ Kh8 28. Ne4
Bxe4 29. Bxe4 Rf8 1/2-1/2

[Event "Østlandsserien 2008/2009, 2. div. B"]
[Site "Ås, Akershus NOR"]
[Date "2009.03.15"]
[Round "7"]
[White "Furnes, Torstein"]
[Black "Haukenes, Alise"]
[Result "1-0"]
[WhiteElo "1479"]
[BlackElo "1070"]
[PlyCount "59"]
[EventDate "2008.11.09"]
[WhiteTeam "Follo 1"]
[BlackTeam "Hamar"]

1. d4 g6 2. c4 Bg7 3. Nc3 Nf6 4. e4 O-O 5. Nf3 d6 6. Be2 Nc6 7. O-O b6 8. Bg5
Bb7 9. Qd2 Re8 10. Rab1 Nb8 11. d5 Nbd7 12. Nd4 Nc5 13. Qe3 Qd7 14. f4 e6 15.
b4 Na6 16. dxe6 fxe6 17. e5 Nh5 18. g4 c5 19. bxc5 dxc5 20. Ndb5 Qc6 21. Bf3
Qd7 22. Bxb7 Rab8 23. Bxa6 Bf8 24. gxh5 gxh5 25. Bf6 Bh6 26. Nd6 Rf8 27. Qg3+
Bg7 28. Qxg7+ Qxg7+ 29. Bxg7 Kxg7 30. Rb2 1-0

[Event "Østlandsserien 2008/2009, 3. div. C"]
[Site "Follo"]
[Date "2009.01.18"]
[Round "3.1"]
[White "Breivik, Rolv"]
[Black "Moberg, Jan Rune"]
[Result "1-0"]
[WhiteElo "1573"]
[BlackElo "1505"]
[PlyCount "63"]
[EventDate "2008.11.09"]
[WhiteTeam "Akademisk 3"]
[BlackTeam "Follo 2"]

1. d4 d5 2. c4 e6 3. e3 Nf6 4. Nc3 c6 5. a3 Nbd7 6. Nf3 Bd6 7. Be2 dxc4 8. Bxc4
b5 9. Be2 O-O 10. O-O a6 11. e4 e5 12. Bg5 Qe7 13. Nxe5 Bxe5 14. dxe5 Qxe5 15.
f4 Qc5+ 16. Kh1 Re8 17. e5 Nd5 18. Nxd5 Qxd5 19. Bf3 Qxd1 20. Rfxd1 Nb8 21.
Rac1 Bb7 22. Rd6 h6 23. Bh4 a5 24. Rcd1 b4 25. Rd8 Rxd8 26. Rxd8+ Kh7 27. Be4+
g6 28. Bf6 Na6 29. Rd7 Nc5 30. Rxf7+ Kg8 31. Bxg6 Ba6 32. Rh7 1-0

[Event "Østlandsserien 2008/2009, 3. div. C"]
[Site "Follo"]
[Date "2009.01.18"]
[Round "3.2"]
[White "Thowsen, Alf Geir"]
[Black "Johansen, Pål Hermunn"]
[Result "0-1"]
[WhiteElo "1225"]
[BlackElo "1534"]
[PlyCount "118"]
[EventDate "2008.11.09"]
[WhiteTeam "Follo 2"]
[BlackTeam "Akademisk 3"]

1. d4 d5 2. c4 e6 3. Nc3 Nf6 4. Nf3 Nbd7 5. Bg5 Be7 6. cxd5 exd5 7. e3 O-O 8.
Bd3 Re8 9. O-O Nf8 10. Rc1 Bg4 11. Bf4 c6 12. h3 Bh5 13. Be2 Bd6 14. Ne5 Bxe2
15. Qxe2 Bxe5 16. Bxe5 N8d7 17. Bf4 Ne4 18. Nxe4 dxe4 19. Qg4 Nf6 20. Qe2 Nd5
21. Qg4 Re6 22. Be5 Qf8 23. Qxe4 Rae8 24. Qb1 Qb4 25. a3 Qb3 26. Qc2 Qb6 27.
Rfd1 Ne7 28. Rd3 Ng6 29. Rb3 Qa6 30. Bg3 b6 31. Qd3 Qb7 32. Rbc3 Ne7 33. b4 Nd5
34. R3c2 Nxe3 35. Re2 Nd5 36. Rce1 Rxe2 37. Rxe2 Rxe2 38. Qxe2 Qc8 39. Qf3 h6
40. b5 a5 41. Be5 Qd7 42. Qg3 f6 43. bxc6 Qxc6 44. Bf4 Kf7 45. Qb3 a4 46. Qf3
Qd7 47. Qh5+ Kf8 48. Bd2 b5 49. Qd1 Qc6 50. Qb1 Qc4 51. Qe4 Kf7 52. Qg4 Qc6 53.
Qe4 b4 54. Qh7 bxa3 55. Bxh6 a2 56. Qxg7+ Ke8 57. Qg8+ Kd7 58. Qg4+ Qe6 59. Qd1
Nc3 0-1

[Event "Østlandsserien 2008/2009, 3. div. C"]
[Site "Follo"]
[Date "2009.01.18"]
[Round "3.3"]
[White "Fjellheim, Marius"]
[Black "Samset, Jon"]
[Result "1-0"]
[WhiteElo "1416"]
[BlackElo "1137"]
[PlyCount "63"]
[EventDate "2008.11.09"]
[WhiteTeam "Akademisk 3"]
[BlackTeam "Follo 2"]

1. d4 d5 2. Bf4 e6 3. Nf3 Bb4+ 4. c3 Be7 5. Nbd2 Nf6 6. e3 O-O 7. Bd3 b6 8. Ne5
Bb7 9. Qf3 Nbd7 10. Qh3 c5 11. g4 c4 12. Bc2 g6 13. Qf3 Nxe5 14. Bxe5 Nd7 15.
Bg3 a5 16. h4 Ra7 17. g5 e5 18. dxe5 d4 19. Be4 Bxe4 20. Nxe4 d3 21. Kd2 Re8
22. Nf6+ Bxf6 23. exf6 Ne5 24. Bxe5 Rxe5 25. Rag1 Qd7 26. h5 Qa4 27. Rc1 Rxg5
28. Qf4 h6 29. Qb8+ Kh7 30. Qxa7 gxh5 31. Qxf7+ Kh8 32. Rxh5 1-0

[Event "Østlandsserien 2008/2009, 3. div. C"]
[Site "Follo"]
[Date "2009.01.18"]
[Round "3.4"]
[White "Stensland, Martin"]
[Black "Gundersen, Vegard"]
[Result "0-1"]
[WhiteElo "1190"]
[BlackElo "1223"]
[PlyCount "64"]
[EventDate "2008.11.09"]
[WhiteTeam "Follo 2"]
[BlackTeam "Akademisk 3"]

1. d4 Nf6 2. Nc3 d5 3. Bf4 c6 4. e3 e6 5. a3 Bd6 6. Bg5 O-O 7. Nf3 Nbd7 8. Bd3
Qc7 9. h3 h6 10. Bf4 Bxf4 11. exf4 Qxf4 12. Ne2 Qc7 13. O-O e5 14. dxe5 Nxe5
15. Nxe5 Qxe5 16. c3 Bf5 17. Ng3 Bxd3 18. Qxd3 Rfe8 19. Rae1 Qc7 20. Qf3 Rxe1
21. Rxe1 Re8 22. Rd1 Ne4 23. Nf5 Re6 24. g4 Ng5 25. Qd3 Qf4 26. Nd4 Rf6 27. Rf1
Nf3+ 28. Nxf3 Qxf3 29. Qc2 Qxh3 30. Re1 Qxg4+ 31. Kf1 Qh3+ 32. Ke2 Rxf2+ 0-1

[Event "Østlandsserien 2008/2009, 3. div. C"]
[Site "Moss, Østfold NOR"]
[Date "2009.02.15"]
[Round "4"]
[White "Moberg, Jan Rune"]
[Black "Solberg, Tor-Egil"]
[Result "1/2-1/2"]
[WhiteElo "1443"]
[BlackElo "1615"]
[PlyCount "45"]
[EventDate "2008.11.09"]
[WhiteTeam "Follo 2"]
[BlackTeam "Moss 4"]

1. d4 e6 2. c4 f5 3. Nc3 d5 4. cxd5 exd5 5. Nf3 Nf6 6. e3 Be7 7. Bd3 O-O 8. O-O
Ne4 9. Qb3 Nxc3 10. Qxc3 c6 11. Qc2 g6 12. a3 Nd7 13. Ne5 Nf6 14. f3 Be6 15. b4
Qc7 16. Bb2 Rfe8 17. f4 Bd7 18. Rac1 Rac8 19. Rf3 a5 20. Qb3 axb4 21. axb4 Ne4
22. Bxe4 fxe4 23. Rf2 {...??? Kluss i noteringa} 1/2-1/2

[Event "Østlandsserien 2008/2009, 3. div. C"]
[Site "Moss, Østfold NOR"]
[Date "2009.02.15"]
[Round "4"]
[White "Olsen, Trygve"]
[Black "Eriksen (nå: Aarsheim), Geir-Arne"]
[Result "0-1"]
[WhiteElo "1246"]
[BlackElo "1200"]
[PlyCount "87"]
[EventDate "2008.11.09"]
[WhiteTeam "Follo 2"]
[BlackTeam "Moss 4"]

1. e4 e5 2. Bc4 Nc6 3. Nf3 h6 4. Nc3 Nf6 5. Nh4 Nxe4 6. Bxf7+ Kxf7 7. Qh5+ Kg8
8. Nxe4 d5 9. Ng3 Qg5 10. O-O Qxh5 11. Nxh5 Kh7 12. f4 Bc5+ 13. Kh1 Bg4 14. Ng3
Be7 15. Nhf5 Bxf5 16. Nxf5 exf4 17. c3 Rhf8 18. Nxe7 Nxe7 19. d4 Ng6 20. Bd2
Rae8 21. Rae1 Re4 22. Kg1 c6 23. b4 a6 24. a4 b6 25. Rf2 Rfe8 26. Rxe4 dxe4 27.
Re2 e3 28. Be1 Ne7 29. g3 Nd5 30. Kg2 Rf8 31. Kf3 fxg3+ 32. Kxg3 b5 33. axb5
axb5 34. Ra2 Rf1 35. Re2 Rf7 36. Kg2 Nf4+ 37. Kf3 Nxe2+ 38. Kxe2 Re7 39. Bg3 g5
40. Be5 Kg6 41. Kxe3 Kf5 42. Kf3 Rxe5 43. dxe5 Kxe5 44. Kg4 0-1

[Event "Østlandsserien 2008/2009, 3. div. C"]
[Site "Moss, Østfold NOR"]
[Date "2009.02.15"]
[Round "4"]
[White "Ekornmyr, Arne"]
[Black "Thowsen, Alf Geir"]
[Result "0-1"]
[WhiteElo "1043"]
[BlackElo "1211"]
[PlyCount "54"]
[EventDate "2008.11.09"]
[WhiteTeam "Moss 4"]
[BlackTeam "Follo 2"]

1. e4 c6 2. d4 d5 3. Nd2 Nd7 4. Ngf3 dxe4 5. Nxe4 Ngf6 6. Nxf6+ Nxf6 7. Bc4 e6
8. Bg5 Be7 9. Qe2 Nd5 10. Bxe7 Qxe7 11. O-O O-O 12. c3 Bd7 13. Ne5 f6 14. Nxd7
Qxd7 15. Rfe1 Rae8 16. Qg4 Rf7 17. Re2 Rfe7 18. Rae1 Qd6 19. g3 e5 20. dxe5
Rxe5 21. Rxe5 Rxe5 22. Rxe5 Qxe5 23. Qc8+ Kf7 24. Qxb7+ Kg6 25. Qxc6 Qe1+ 26.
Kg2 Qe4+ 27. Kf1 Ne3+ 0-1

[Event "Østlandsserien 2008/2009, 3. div. C"]
[Site "Ås, Akershus NOR"]
[Date "2009.03.15"]
[Round "5"]
[White "Bjørnland, Svein A"]
[Black "Moberg, Jan Rune"]
[Result "1-0"]
[WhiteElo "1858"]
[BlackElo "1443"]
[PlyCount "47"]
[EventDate "2008.11.09"]
[WhiteTeam "Fredriksstad"]
[BlackTeam "Follo 2"]

1. d4 d5 2. c4 c6 3. Nf3 Nf6 4. Nc3 e6 5. Bg5 Nbd7 6. cxd5 exd5 7. e3 Be7 8.
Qc2 O-O 9. Bd3 Re8 10. O-O Nf8 11. h3 Ne4 12. Bxe7 Qxe7 13. b4 a5 14. b5 Nxc3
15. Qxc3 Qb4 16. Qxb4 axb4 17. Rfb1 Ra3 18. Be2 Bf5 19. Rxb4 Rea8 20. bxc6 bxc6
21. Ne5 Rc3 22. Bf3 f6 23. Nxc6 Be4 24. Ne7+ 1-0

[Event "Østlandsserien 2008/2009, 3. div. C"]
[Site "Ås, Akershus NOR"]
[Date "2009.03.15"]
[Round "5"]
[White "Simonsen, Steinar"]
[Black "Andersen, Harry"]
[Result "0-1"]
[WhiteElo "1397"]
[BlackElo "1784"]
[PlyCount "92"]
[EventDate "2008.11.09"]
[WhiteTeam "Follo 2"]
[BlackTeam "Fredriksstad"]

1. e4 e5 2. Nf3 Nc6 3. Bb5 Nf6 4. O-O Bc5 5. c3 Nxe4 6. Qe2 Ng5 7. Bxc6 dxc6 8.
d4 Nxf3+ 9. Qxf3 exd4 10. Qe4+ Be6 11. b4 Bb6 12. Bb2 O-O 13. cxd4 Qg5 14. h4
Qf6 15. Nd2 Rad8 16. Nf3 Bd5 17. Qe5 Qg6 18. Qg3 Bxf3 19. Qxf3 Bxd4 20. Bxd4
Rxd4 21. h5 Qg5 22. a3 Rf4 23. Qe3 Qf5 24. Rad1 Rh4 25. Qe7 Qxh5 26. f3 Rh1+
27. Kf2 Rxf1+ 28. Kxf1 Qh1+ 29. Ke2 Qxg2+ 30. Ke3 Qg3 31. Ke2 h6 32. Rd8 Rxd8
33. Qxd8+ Kh7 34. Qd7 Qe5+ 35. Kf1 Qd5 36. Qxc7 Qxf3+ 37. Kg1 b5 38. Qxa7 h5
39. a4 bxa4 40. Qxa4 h4 41. b5 Qg3+ 42. Kf1 cxb5 43. Qxb5 h3 44. Qf5+ Kh6 45.
Qxf7 h2 46. Qe6+ g6 0-1

[Event "Østlandsserien 2008/2009, 3. div. C"]
[Site "Ås, Akershus NOR"]
[Date "2009.03.15"]
[Round "5"]
[White "Johansen, Stian"]
[Black "Thowsen, Alf Geir"]
[Result "1-0"]
[WhiteElo "1692"]
[BlackElo "1211"]
[PlyCount "51"]
[EventDate "2008.11.09"]
[WhiteTeam "Fredriksstad"]
[BlackTeam "Follo 2"]

1. e4 c6 2. d4 d5 3. Nc3 dxe4 4. Nxe4 Bf5 5. Ng3 Bg6 6. h4 h6 7. Nf3 Nd7 8. h5
Bh7 9. Bd3 Bxd3 10. Qxd3 Ngf6 11. Bd2 Qb6 12. O-O-O e6 13. Rhe1 Nd5 14. a3 Be7
15. Ne4 N7f6 16. Ne5 Rd8 17. Qg3 Rg8 18. Nxf7 Kxf7 19. Qg6+ Kf8 20. Nxf6 Bxf6
21. Rxe6 Bxd4 22. c3 Bf6 23. Rde1 Ne7 24. Rxf6+ gxf6 25. Bxh6+ Rg7 26. Qxg7+
1-0

[Event "Østlandsserien 2008/2009, 3. div. C"]
[Site "Ås, Akershus NOR"]
[Date "2009.03.15"]
[Round "5"]
[White "Samset, Jon"]
[Black "Ludvigsen, Jan"]
[Result "0-1"]
[WhiteElo "1137"]
[BlackElo "1641"]
[PlyCount "78"]
[EventDate "2008.11.09"]
[WhiteTeam "Follo 2"]
[BlackTeam "Fredriksstad"]

1. e4 e5 2. Nf3 Nc6 3. Bc4 Nf6 4. Ng5 d5 5. exd5 Na5 6. Bb5+ c6 7. dxc6 bxc6 8.
Be2 h6 9. Nh3 Bc5 10. d3 O-O 11. Bd2 Bb6 12. c4 Nb7 13. Nc3 Bf5 14. Be3 Bxe3
15. fxe3 Qb6 16. Qd2 Rad8 17. Rf1 Bg6 18. e4 Nxe4 19. Nxe4 Bxe4 20. Rf2 Nc5 21.
b4 Nxd3+ 22. Bxd3 Bxd3 23. c5 Qc7 24. Qe3 Rd4 25. Qf3 Be4 26. Qg3 Rxb4 27. Rd1
Rc4 28. Rd6 Qa5+ 29. Kf1 Qxc5 30. Rd1 Rc3 31. Qh4 Bd3+ 32. Kg1 Rc1 33. Qg4 e4
34. Nf4 e3 35. Nxd3 exf2+ 36. Nxf2 Rd8 37. Rf1 Rd2 38. Qf3 Rxf1+ 39. Kxf1 Qc1+
0-1

[Event "Østlandsserien 2007/2008, 1. div"]
[Site "Ås, Akershus NOR"]
[Date "2007.12.08"]
[Round "2"]
[White "Myhrvold, Rune"]
[Black "Lange, Holger"]
[Result "1-0"]
[WhiteElo "2048"]
[BlackElo "1688"]
[PlyCount "79"]
[EventDate "2007.11.11"]
[WhiteTeam "Hønefoss"]
[BlackTeam "Follo 1"]

1. e4 c5 2. c3 e6 3. d4 cxd4 4. cxd4 Nf6 5. Nc3 d6 6. Nf3 Be7 7. Bd3 O-O 8. O-O
Nc6 9. Re1 h6 10. e5 dxe5 11. dxe5 Nd5 12. Qe2 Ncb4 13. Bb1 h5 14. Ne4 b6 15.
Neg5 g6 16. Qe4 Qe8 17. h4 Na6 18. Nd4 Nc5 19. Qf3 Bb7 20. Qg3 Rd8 21. b3 Nb4
22. Bb2 Bxg5 23. hxg5 Nc6 24. Nb5 Qe7 25. Nd6 Ba6 26. a3 Nd7 27. Rd1 Na5 28.
Be4 Nc5 29. Bc2 Nd7 30. Rac1 Bc8 31. b4 Nb7 32. Be4 Nb8 33. Rc2 Nxd6 34. exd6
Qd7 35. Rd3 Qb5 36. a4 Qxa4 37. Qe5 f6 38. gxf6 Qxc2 39. f7+ Kxf7 40. Qg7+ 1-0

[Event "Østlandsserien 2007/2008, 1. div"]
[Site "Ås, Akershus NOR"]
[Date "2007.12.08"]
[Round "2"]
[White "Høva, Frode"]
[Black "Dyrdal, Arnbjørn"]
[Result "0-1"]
[WhiteElo "1548"]
[BlackElo "1935"]
[PlyCount "56"]
[EventDate "2007.11.11"]
[WhiteTeam "Follo 1"]
[BlackTeam "Hønefoss"]

1. d4 Nf6 2. c4 e6 3. g3 d5 4. Nf3 Be7 5. Bg2 O-O 6. O-O dxc4 7. Qc2 a6 8. Qxc4
b5 9. Qc2 Bb7 10. Nbd2 Nbd7 11. e4 c5 12. e5 Nd5 13. dxc5 Nxc5 14. Ng5 Bxg5 15.
Qxc5 Be7 16. Qd4 Qc7 17. Nf3 Rfd8 18. Qg4 Rac8 19. Bh6 Bf8 20. Rac1 Qd7 21.
Rfd1 Rc4 22. Nd4 Ne7 23. Bxg7 Bxg7 24. Nxe6 Rxg4 25. Rxd7 Rxd7 26. Bh3 fxe6 27.
Bxg4 Bd5 28. Rd1 Kf7 0-1

[Event "Østlandsserien 2007/2008, 1. div"]
[Site "Ås, Akershus NOR"]
[Date "2007.12.08"]
[Round "2"]
[White "Kvamme, Roy"]
[Black "Furnes, Torstein"]
[Result "1-0"]
[WhiteElo "1928"]
[BlackElo "1548"]
[PlyCount "59"]
[EventDate "2007.11.11"]
[WhiteTeam "Hønefoss"]
[BlackTeam "Follo 1"]

1. e4 c5 2. Nf3 Nc6 3. d4 cxd4 4. Nxd4 e5 5. Nb5 d6 6. N5c3 Nf6 7. Bg5 Be7 8.
Bxf6 Bxf6 9. Nd5 O-O 10. Nbc3 Nd4 11. Bc4 Bg5 12. O-O Be6 13. f4 Be7 14. f5 Bd7
15. Nxe7+ Qxe7 16. f6 Qd8 17. Nd5 Be6 18. fxg7 Kxg7 19. Nf6 Rh8 20. Bxe6 Nxe6
21. Qg4+ Kf8 22. Qh5 Nf4 23. Qh6+ Ke7 24. g3 Ng6 25. Rf2 Qf8 26. Qg5 h6 27. Qf5
Rd8 28. Raf1 Qg7 29. Nd5+ Kf8 30. Qe6 1-0

[Event "Østlandsserien 2007/2008, 1. div"]
[Site "Ås, Akershus NOR"]
[Date "2007.12.08"]
[Round "2"]
[White "Moberg, Jan Rune"]
[Black "Thingstad, Even"]
[Result "0-1"]
[WhiteElo "1474"]
[BlackElo "1888"]
[PlyCount "68"]
[EventDate "2007.11.11"]
[WhiteTeam "Follo 1"]
[BlackTeam "Hønefoss"]

1. d4 Nf6 2. c4 e6 3. Nf3 b6 4. g3 Bb7 5. Bg2 d6 6. O-O Nbd7 7. a4 a5 8. Nc3
Be7 9. Qc2 O-O 10. e4 e5 11. d5 Nc5 12. Ra3 Bc8 13. Bg5 Nh5 14. Be3 f5 15. Nd2
g5 16. Bxc5 bxc5 17. Nb5 g4 18. h3 f4 19. hxg4 Bxg4 20. Bf3 Bxf3 21. Rxf3 Qd7
22. Kg2 Kh8 23. Qc3 Rg8 24. Rh1 Qg4 25. Nxc7 fxg3 26. fxg3 Bh4 27. Nf1 Rab8 28.
Nb5 Qxe4 29. Kf2 Nf4 30. Qd2 Rbf8 31. Rxh4 Nh3+ 32. Kg2 Qxf3+ 33. Kxh3 Qxf1+
34. Qg2 Rxg3+ 0-1

[Event "Østlandsserien 2007/2008, 1. div"]
[Site "Ås, Akershus NOR"]
[Date "2007.12.08"]
[Round "2"]
[White "Gandrud, Vegar Koi"]
[Black "Lange, David"]
[Result "1-0"]
[WhiteElo "1819"]
[BlackElo "1468"]
[PlyCount "137"]
[EventDate "2007.11.11"]
[WhiteTeam "Hønefoss"]
[BlackTeam "Follo 1"]

1. d4 Nf6 2. c4 g6 3. Nc3 Bg7 4. e4 d6 5. Nf3 O-O 6. Be2 Bg4 7. O-O Nbd7 8. h3
Bxf3 9. Bxf3 c5 10. Be3 Nb6 11. e5 dxe5 12. dxe5 Nfd7 13. e6 fxe6 14. Bxb7 Rb8
15. Ba6 Ne5 16. Qe2 Qd3 17. Bxc5 Qxe2 18. Nxe2 Nexc4 19. Bxe7 Rf7 20. Bc5 Nxb2
21. Rab1 N2a4 22. Be3 Rd8 23. Nf4 Rd6 24. Rfd1 Rfd7 25. Rxd6 Rxd6 26. Bxb6 Nxb6
27. Re1 e5 28. Nd3 Nd7 29. Bc4+ Kf8 30. f3 Rd4 31. Bb5 Kf7 32. Rc1 Ke7 33. Rc7
Rd5 34. a4 Bh6 35. Nxe5 Rxe5 36. Rxd7+ Kf6 37. Rxh7 Be3+ 38. Kh2 Rd5 39. Rd7
Rxd7 40. Bxd7 g5 41. Kg3 Kg6 42. Kg4 Bd2 43. Be8+ Kf6 44. g3 Be3 45. h4 gxh4
46. Kxh4 Kf5 47. Bd7+ Kg6 48. Kg4 Kf6 49. f4 Bd2 50. Kf3 Ke7 51. Bc8 Kd6 52. g4
Kd5 53. g5 Bc3 54. Kg4 Kd6 55. f5 Ke7 56. f6+ Bxf6 57. gxf6+ Kxf6 58. Kf4 Ke7
59. Ke5 Kd8 60. Bh3 Kc7 61. Kd5 Kb6 62. Kc4 Ka5 63. Kb3 Ka6 64. Kb4 Kb6 65. Bf1
Kc6 66. Ka5 Kb7 67. Bg2+ Kc7 68. Ka6 Kb8 69. a5 1-0